000 00591nam a2200241Ia 4500
003 OSt
005 20221005131423.0
006 a|||||r|||| 00| 0
007 ta
008 221004b |||||||| |||| 00| 0 eng d
024 _a70067
037 _cTextual
040 _aCRL
_cCRL
_beng
041 _2eng
_aeng
082 _aY1vN6, K8
100 _aGaltung John
_9639583
245 0 _aSociological theory and social development
260 _c1968
490 _aNKANGA
650 _aSOCIOLOGY
942 _hY1vN6, K8
_cTEXL
_2cc
999 _c1060298
_d1060298